Všechny vlajky světa - Statistics

General Stats
  • This quiz has been taken 31 times
  • The average score is 125 of 196
Answer Stats
Picture Answer % Correct
Albánie
100%
Austrálie
100%
Belgie
100%
Brazílie
100%
Čína
100%
Finsko
100%
Francie
100%
Irsko
100%
Island
100%
Itálie
100%
Izrael
100%
Japonsko
100%
Jižní Korea
100%
Kanada
100%
Kypr
100%
Maďarsko
100%
Nizozemsko
100%
Norsko
100%
Nový Zéland
100%
Řecko
100%
Rusko
100%
Spojené státy americké
100%
Švédsko
100%
Švýcarsko
100%
Turecko
100%
Vatikán
100%
Argentina
95%
Bulharsko
95%
Dánsko
95%
Gruzie
95%
Indie
95%
Jamajka
95%
Malta
95%
Mexiko
95%
Monako
95%
Německo
95%
Rakousko
95%
Španělsko
95%
Česká republika
90%
Chorvatsko
90%
Egypt
90%
Estonsko
90%
Jihoafrická republika
90%
Kazachstán
90%
Kosovo
90%
Nepál
90%
Polsko
90%
Portugalsko
90%
Severní Makedonie
90%
Slovensko
90%
Slovinsko
90%
Spojené království
90%
Srbsko
90%
Vietnam
90%
Bangladéš
85%
Bělorusko
85%
Bhútán
85%
Irák
85%
Libanon
85%
Rumunsko
85%
Saúdská Arábie
85%
Severní Korea
85%
Tunisko
85%
Ukrajina
85%
Bosna a Hercegovina
80%
Chile
80%
Dominikánská republika
80%
Filipíny
80%
Indonésie
80%
Irán
80%
Keňa
80%
Kuba
80%
Malajsie
80%
Maroko
80%
Pakistán
80%
Pobřeží slonoviny
80%
San Marino
80%
Uruguay
80%
Alžírsko
75%
Kamerun
75%
Katar
75%
Lotyšsko
75%
Moldavsko
75%
Thajsko
75%
Venezuela
75%
Barbados
70%
Ekvádor
70%
Kolumbie
70%
Lichtenštejnsko
70%
Lucembursko
70%
Nigérie
70%
Panama
70%
Peru
70%
Singapur
70%
Spojené arabské emiráty
70%
Ázerbájdžán
65%
Černá Hora
65%
Madagaskar
65%
Palau
65%
Papua Nová Guinea
65%
Šrí Lanka
65%
Arménie
60%
Myanmar
60%
Niger
60%
Paraguay
60%
Afghánistán
55%
Andorra
55%
Bahrajn
55%
Honduras
55%
Jordánsko
55%
Litva
55%
Seychely
55%
Tchaj-wan
55%
Uzbekistán
55%
Burkina Faso
50%
Gabon
50%
Ghana
50%
Jemen
50%
Kambodža
50%
Kongo
50%
Kostarika
50%
Kuvajt
50%
Laos
50%
Mongolsko
50%
Senegal
50%
Svatá Lucie
50%
Angola
45%
Etiopie
45%
Guatemala
45%
Kapverdy
45%
Omán
45%
Somálsko
45%
Súdán
45%
Svazijsko
45%
Tonga
45%
Trinidad a Tobago
45%
Uganda
45%
Zimbabwe
45%
Antigua a Barbuda
40%
Bahamy
40%
Čad
40%
Demokratická republika Kongo
40%
Dominika
40%
Kiribati
40%
Lesotho
40%
Libérie
40%
Libye
40%
Maledivy
40%
Marshallovy ostrovy
40%
Mauritánie
40%
Sýrie
40%
Tanzánie
40%
Turkmenistán
40%
Zambie
40%
Botswana
35%
Brunej
35%
Haiti
35%
Kyrgyzstán
35%
Malawi
35%
Mali
35%
Mosambik
35%
Namibie
35%
Nauru
35%
Rwanda
35%
Středoafrická republika
35%
Tádžikistán
35%
Východní Timor
35%
Belize
30%
Benin
30%
Burundi
30%
Džibutsko
30%
Eritrea
30%
Federativní státy Mikronésie
30%
Fidži
30%
Grenada
30%
Jižní Súdán
30%
Nikaragua
30%
Rovníková Guinea
30%
Šalamounovy ostrovy
30%
Salvador
30%
Samoa
30%
Sierra Leone
30%
Surinam
30%
Svatý Kryštof a Nevis
30%
Svatý Tomáš a Princův ostrov
30%
Svatý Vincent a Grenadiny
30%
Togo
30%
Vanuatu
30%
Bolívie
25%
Guinea Bissau
25%
Mauricius
25%
Tuvalu
25%
Gambie
20%
Guinea
20%
Guyana
20%
Komorské ostrovy
20%
No matching quizzes found
Score Distribution
Percent of People with Each Score
Percentile by Number Answered
Your Score History
You have not taken this quiz